Yamanote Line Stations, Tokyo, Japan - Sprint Version - Statistics

General Stats
  • This quiz has been taken 182 times
    158 since last reset
  • The average score is 19 of 30
Answers on the Map
Answers color-coded by a green-red scale on the quiz's map according to % correct below.
 
Answer Stats
Answer % Correct
Shinjuku
93%
Tokyo
93%
Ueno
85%
Shibuya
83%
Akihabara
80%
Ikebukuro
78%
Kanda
78%
Nippori
75%
Nishi-Nippori
72%
Takadanobaba
72%
Shinagawa
71%
Harajuku
70%
Yoyogi
66%
Meguro
61%
Ebisu
60%
Mejiro
58%
Shin-Okubo
58%
Okachimachi
57%
Uguisudani
57%
Gotanda
56%
Hamamatsu-cho
56%
Yurakucho
56%
Osaki
55%
Komagome
54%
Shinbashi
54%
Tabata
54%
Otsuka
53%
Sugamo
52%
Tamachi
45%
Takanawa Gateway
44%
No matching quizzes found
Score Distribution
Percent of People with Each Score
Percentile by Number Answered
Your Score History
You have not taken this quiz since the last reset